[Event "New York September Action"]
[Site "Marshall Chess Club"]
[Date "2002.09.28"]
[EventDate "2002.09.28"]
[Round "?"]
[Result "1-0"]
[White "Fabiano Caruana"]
[Black "Aleksander Wojtkiewicz"]
[WhiteElo "2060"]
[BlackElo "2683"]
[PlyCount "89"]

1.e4 c5 2.Nf3 g6 3.d4 Bg7 4.Be3 Nf6 5.Nc3 cxd4 6.Bxd4 Nc6
7.Bb5 Nxd4 8.Qxd4 O-O 9.e5 Ne8 10.O-O-O d6 11.Qd2 Bg4 12.Bxe8
Rxe8 13.exd6 exd6 14.Qxd6 Bxc3 15.Qxd8 Bxb2+ 16.Kxb2 Raxd8
17.Rxd8 Rxd8 18.Ne5 Bf5 19.g4 Be6 20.Re1 Rd2 21.Nd3 Bxg4 22.h3
Bf3 23.Re3 Bc6 24.Kc1 Rxd3 25.Rxd3 Kg7 26.Kd2 Kf6 27.Ke3 Kg5
28.Kd4 Kh4 29.Rg3 f5 30.Ke5 Be4 31.c4 g5 32.Rb3 Bg2 33.Kxf5 h6
34.Kg6 h5 35.Kh6 g4 36.hxg4 hxg4 37.Kg6 Bf3 38.Kf5 Kh3 39.Kf4
Kg2 40.Rb2 a6 41.c5 Kh2 42.a4 Kg2 43.a5 Kh2 44.Rb3 Kg2 45.Rxf3
1-0

[Event "FSIM June"]
[Site "Budapest HUN"]
[Date "2004.06.14"]
[EventDate "?"]
[Round "10"]
[Result "1-0"]
[White "Fabiano Caruana"]
[Black "Sandor Farago"]
[WhiteElo "2140"]
[BlackElo "2314"]
[PlyCount "119"]

1. e4 Nf6 2. e5 Nd5 3. d4 d6 4. Nf3 g6 5. Bc4 c6 6. h3 Bg7
7. O-O O-O 8. exd6 Qxd6 9. Re1 h6 10. Bb3 e6 11. c4 Ne7
12. Nc3 Rd8 13. Be3 Nf5 14. Qc2 Na6 15. Rad1 Nxe3 16. fxe3 b6
17. e4 Bb7 18. e5 Qe7 19. Qf2 Rab8 20. Ne4 Nc7 21. c5 bxc5
22. dxc5 Rxd1 23. Rxd1 Nd5 24. Nd6 Ba8 25. Bxd5 exd5 26. Re1
a5 27. Qg3 Kh7 28. e6 fxe6 29. Nf5 Qxc5+ 30. Kh2 Re8 31. Nxg7
Kxg7 32. Ne5 Qc2 33. Nd3 e5 34. Rxe5 Rxe5 35. Qxe5+ Kf7
36. Qc7+ Ke6 37. Nf4+ Kf5 38. Qf7+ Ke5 39. Nxg6+ Kd4 40. Qf4+
Qe4 41. Qxh6 Kd3 42. Qc1 Qe3 43. Qc3+ Ke2 44. Qxa5 Bb7 45. Qc3
c5 46. h4 d4 47. Qxc5 d3 48. Qxe3+ Kxe3 49. Ne5 Bd5 50. Nxd3
Kxd3 51. b3 Ke4 52. Kg3 Kf5 53. Kf2 Kg4 54. g3 Bf7 55. b4 Bxa2
56. b5 Bd5 57. b6 Kf5 58. h5 Bb7 59. g4+ Kg5 60. Ke3 1-0

[Event "FSIM June"]
[Site "Budapest HUN"]
[Date "2005.??.??"]
[EventDate "?"]
[Round "4"]
[Result "0-1"]
[White "Shadi Paridar"]
[Black "Fabiano Caruana"]
[WhiteElo "2263"]
[BlackElo "2255"]
[PlyCount "86"]

1. e4 c5 2. c3 d6 3. d4 Nf6 4. Bd3 e5 5. Nf3 Nc6 6. O-O Bg4
7. dxc5 dxc5 8. Qe2 Qc7 9. Rd1 O-O-O 10. Nbd2 Be7 11. a3 Nh5
12. g3 Rd6 13. Qe3 Rhd8 14. Be2 Rg6 15. Re1 Nf4 16. Bf1 h5
17. Nc4 Nh3+ 18. Bxh3 Bxh3 19. b4 Be6 20. Nb2 Bg4 21. Nd3 c4
22. Nb2 Rgd6 23. h3 Bxh3 24. Nxc4 Rd3 25. Qe2 Be6 26. Ne3 R3d7
27. Bb2 g5 28. Red1 g4 29. Ne1 h4 30. c4 hxg3 31. Nd5 gxf2+
32. Qxf2 Qb8 33. Nd3 g3 34. Qe3 f5 35. b5 Nd4 36. Bxd4 exd4
37. Qxd4 b6 38. Kg2 fxe4 39. Qxe4 Bxd5 40. cxd5 Bd6 41. Nb4
Bxb4 42. axb4 Qd6 43. Ra3 Re7 0-1

[Event "FSIM June"]
[Site "Budapest HUN"]
[Date "2005.??.??"]
[EventDate "?"]
[Round "6"]
[Result "1-0"]
[White "Fabiano Caruana"]
[Black "Bela Lengyel"]
[WhiteElo "2255"]
[BlackElo "2302"]
[PlyCount "93"]

1. e4 e5 2. Bc4 Nf6 3. d3 c6 4. Nf3 d5 5. Bb3 Bg4 6. h3 Bxf3
7. Qxf3 dxe4 8. dxe4 Nbd7 9. c3 Bd6 10. O-O Qe7 11. Nd2 Nc5
12. Bc2 Ne6 13. Nc4 Bc7 14. b3 O-O 15. Ba3 c5 16. Ne3 g6
17. g3 b5 18. b4 c4 19. Bb2 a5 20. bxa5 Bxa5 21. a4 Ng5
22. Qg2 Qb7 23. axb5 Qxb5 24. Rab1 Qc5 25. h4 Ne6 26. Qf3 Kg7
27. Qe2 Rfc8 28. Ra1 Qc6 29. Ra4 Nc5 30. Rxc4 Qb5 31. Ba1
Nfxe4 32. Nd5 Nd7 33. Rxe4 Qxd5 34. Rd1 Qb7 35. c4 Bb6 36. Bc3
Ra3 37. Bb2 Ra2 38. Bc3 Bd4 39. Rdxd4 exd4 40. Rxd4 Kg8
41. Qd2 Nf8 42. h5 Rca8 43. hxg6 hxg6 44. Kh2 Qf3 45. Rh4 Nh7
46. Qd4 Qf6 47. Qxf6 1-0

[Event "FSIM June"]
[Site "Budapest HUN"]
[Date "2005.??.??"]
[EventDate "?"]
[Round "11"]
[Result "0-1"]
[White "Osamu Katsuhara"]
[Black "Fabiano Caruana"]
[WhiteElo "2106"]
[BlackElo "2255"]
[PlyCount "82"]

1. c4 Nf6 2. Nc3 d5 3. cxd5 Nxd5 4. Nf3 g6 5. Qa4+ Nc6 6. Ne5
Ndb4 7. Nxc6 Nxc6 8. g3 Bg7 9. Bg2 O-O 10. O-O Bd7 11. d3 Nd4
12. Qd1 c6 13. Bg5 h6 14. Be3 Qa5 15. Bd2 Qb6 16. e3 Nb5
17. Nxb5 Qxb5 18. Bc3 Bxc3 19. bxc3 Bf5 20. e4 Be6 21. Qc2
Rfd8 22. Rfd1 b6 23. f4 Bg4 24. Rd2 Qh5 25. d4 Bf3 26. Rf1
Bxg2 27. Kxg2 e6 28. h3 c5 29. Rfd1 cxd4 30. cxd4 Rac8 31. Qb2
Rc4 32. Rc1 Ra4 33. e5 Qf5 34. Re1 Rc4 35. Qa3 Rcxd4 36. Rxd4
Rxd4 37. Re2 a5 38. Qe7 Qd3 39. Rb2 Qe4+ 40. Kf2 Rd3 41. Qh4
Qf3+ 0-1

[Event "FSIM June"]
[Site "Budapest HUN"]
[Date "2005.??.??"]
[EventDate "?"]
[Round "9"]
[Result "0-1"]
[White "Olaf Nazarenus"]
[Black "Fabiano Caruana"]
[WhiteElo "2115"]
[BlackElo "2255"]
[PlyCount "76"]

1. c4 Nf6 2. Nc3 d5 3. cxd5 Nxd5 4. g3 g6 5. Bg2 Nxc3 6. bxc3
Bg7 7. Rb1 Nd7 8. Nf3 O-O 9. O-O Nb6 10. Bb2 Be6 11. a3 c5
12. d3 c4 13. Nd4 Bc8 14. a4 cxd3 15. exd3 Qd7 16. a5 Na4
17. a6 Nc5 18. Ra1 Rd8 19. Ra5 Qc7 20. Rxc5 Qxc5 21. axb7 Bxb7
22. Bxb7 Rab8 23. Nc6 Rxb7 24. Nxd8 Rxb2 25. Qf3 Bf6 26. d4
Qc7 27. Nc6 a5 28. Ra1 Rb5 29. Ra4 Rf5 30. Qe4 Kg7 31. c4 Qb6
32. c5 Qb7 33. f4 Rh5 34. h4 Qb3 35. Rxa5 Qxg3+ 36. Qg2 Qxf4
37. Qf2 Qg4+ 38. Kf1 Rxh4 0-1

[Event "FSIM June"]
[Site "Budapest HUN"]
[Date "2005.??.??"]
[EventDate "?"]
[Round "12"]
[Result "1-0"]
[White "Fabiano Caruana"]
[Black "Sandor Farago"]
[WhiteElo "2255"]
[BlackElo "2262"]
[PlyCount "121"]

1. e4 Nf6 2. e5 Nd5 3. d4 d6 4. c4 Nb6 5. exd6 exd6 6. Nc3 Nc6
7. Nf3 Bg4 8. Be3 Be7 9. h3 Bh5 10. b3 O-O 11. Be2 Bg6 12. O-O
Bf6 13. Qd2 d5 14. c5 Nc8 15. a3 a5 16. Rae1 N8e7 17. g4 h6
18. h4 Qd7 19. g5 hxg5 20. hxg5 Qg4+ 21. Kh1 Qh3+ 22. Nh2 Bxd4
23. Bxd4 Nxd4 24. Qxd4 Nf5 25. Qd3 Qh4 26. Bg4 Nh6 27. Qh3
Qxg5 28. f4 Qd8 29. f5 Bh7 30. f6 d4 31. Ne4 Re8 32. fxg7 Rxe4
33. Qxh6 Rxe1 34. Rxe1 Ra6 35. Qf4 Qd5+ 36. Nf3 Qxc5 37. Ng5
Bg6 38. Re5 Qxa3 39. Qxd4 Qc1+ 40. Kh2 Rf6 41. Re3 Kxg7
42. Nf3 c5 43. Qe5 b5 44. Kg3 b4 45. Re1 Qc3 46. Qb8 Qd3
47. Qa8 Qd6+ 48. Kh3 Bd3 49. Ne5 Bf1+ 50. Rxf1 Rxf1 51. Qg2
Qh6+ 52. Bh5+ Kh7 53. Qe4+ f5 54. Qb7+ Qg7 55. Bg6+ Kh6
56. Qd5 Rf4 57. Qe6 Qb7 58. Bxf5+ Kg7 59. Qg6+ Kf8 60. Nd7+
Ke7 61. Qf6+ 1-0

[Event "FSIM May"]
[Site "Budapest HUN"]
[Date "2005.05.11"]
[EventDate "?"]
[Round "5"]
[Result "1-0"]
[White "Fabiano Caruana"]
[Black "Zombor Erdelyi"]
[WhiteElo "2255"]
[BlackElo "2264"]
[PlyCount "51"]

1. e4 c5 2. Nf3 e6 3. c3 d5 4. exd5 Qxd5 5. d4 Nf6 6. Na3 Qd8
7. Bg5 Nbd7 8. Nc4 Qc7 9. Bh4 Be7 10. Bg3 Qc6 11. Nfe5 Qe4+
12. Be2 cxd4 13. cxd4 Nxe5 14. dxe5 Bb4+ 15. Kf1 Nd5 16. Rc1
Bd7 17. Bf3 Qf5 18. Bxd5 exd5 19. Ne3 Qg5 20. h4 Qh6 21. Nxd5
Bb5+ 22. Kg1 Rd8 23. Bf4 Rxd5 24. Qxd5 Qxf4 25. Qxb5+ Ke7
26. Rc4 1-0

[Event "XXIV Andorra Open"]
[Site "Andorra la Vella AND"]
[Date "2006.07.11"]
[EventDate "2006.07.08"]
[Round "4"]
[Result "1-0"]
[White "Fabiano Caruana"]
[Black "Bandyopadhyay Roktim"]
[WhiteElo "2444"]
[BlackElo "2365"]
[PlyCount "113"]

1. e4 e5 2. Nf3 Nc6 3. Bb5 a6 4. Ba4 Nf6 5. O-O Be7 6. Re1 b5
7. Bb3 d6 8. c3 O-O 9. h3 Be6 10. d4 Bxb3 11. axb3 exd4
12. cxd4 d5 13. e5 Ne4 14. Nc3 f5 15. exf6 Bxf6 16. Nxe4 dxe4
17. Rxe4 Qd5 18. Rf4 Rfd8 19. Be3 Rd6 20. Qc2 Nb4 21. Qc3 a5
22. Ne5 Nc6 23. Nxc6 Qxc6 24. Rxa5 Rxa5 25. Qxa5 Bxd4 26. Rxd4
Rxd4 27. Bxd4 Qc1+ 28. Kh2 Qf4+ 29. g3 Qxd4 30. Qa8+ Kf7
31. Qf3+ Kg8 32. Qe3 Qd7 33. g4 h6 34. Qc5 Qf7 35. b4 Qf4+
36. Kg2 Qe4+ 37. f3 Qe2+ 38. Qf2 Qc4 39. Qd2 c5 40. bxc5 Qxc5
41. b4 Qc4 42. h4 Qb3 43. Kg3 Qc4 44. h5 Qf1 45. Qd4 Kh8
46. Qe4 Kg8 47. Kf4 Qc1+ 48. Ke5 Qc3+ 49. Kd6 Kh8 50. Qf4 Qc4
51. Qe4 Qc3 52. Kd5 Kg8 53. f4 Kh8 54. f5 Kg8 55. f6 Qxf6
56. Qe6+ Qxe6+ 57. Kxe6 1-0

[Event "XXIV Andorra Open"]
[Site "Andorra la Vella AND"]
[Date "2006.07.15"]
[EventDate "2006.07.08"]
[Round "8"]
[Result "1-0"]
[White "Fabiano Caruana"]
[Black "Adalberto Villavicencio Martinez"]
[WhiteElo "2444"]
[BlackElo "2379"]
[PlyCount "60"]

1. e4 c5 2. Nf3 d6 3. d4 cxd4 4. Nxd4 Nf6 5. Nc3 a6 6. Bg5 e6
7. f4 Qc7 8. Bxf6 gxf6 9. Qe2 Nc6 10. O-O-O Bd7 11. g3 Nxd4
12. Rxd4 Rc8 13. Bh3 h5 14. Rhd1 h4 15. g4 Qa5 16. Qe3 Qc5
17. Qd3 b5 18. a3 Bc6 19. g5 fxg5 20. e5 Rg8 21. exd6 Kd7
22. f5 g4 23. fxe6+ fxe6 24. Bxg4 Qg5+ 25. Kb1 Bg7 26. Bxe6+
Kxe6 27. d7 Rc7 28. d8=Q Rxd8 29. Rxd8 Be5 30. Rd6+ Kf7 1-0

[Event "FSGM February"]
[Site "Budapest HUN"]
[Date "2006.02.16"]
[EventDate "2006.02.04"]
[Round "13"]
[Result "1-0"]
[White "Fabiano Caruana"]
[Black "Miklos Nemeth"]
[WhiteElo "2409"]
[BlackElo "2378"]
[PlyCount "115"]

1. e4 e5 2. Nf3 Nc6 3. Bc4 Bc5 4. c3 Bb6 5. O-O d6 6. d3 Nf6
7. Re1 Bg4 8. Nbd2 O-O 9. h3 Be6 10. a4 a6 11. Bb3 Nh5 12. Nc4
Ba7 13. Ng5 Nf4 14. Bxf4 exf4 15. Qh5 h6 16. Nxe6 fxe6 17. d4
Qe8 18. Qxe8 Raxe8 19. a5 Nd8 20. Ba4 Re7 21. b4 Nf7 22. e5 d5
23. Nd2 c6 24. Bc2 g5 25. g3 Nh8 26. Kg2 Rg7 27. Rh1 Nf7
28. gxf4 gxf4+ 29. Kf3 Bb8 30. h4 Bxe5 31. dxe5 Nxe5+ 32. Ke2
f3+ 33. Kf1 Ng4 34. Bd1 Rgf7 35. Rh3 Ne5 36. Bc2 Ng4 37. Bg6
Rf4 38. Re1 e5 39. Bh5 R8f5 40. Bxg4 Rxg4 41. Rxf3 Rxf3
42. Nxf3 e4 43. Nd4 Rxh4 44. Ke2 Rg4 45. Rh1 Kh7 46. Ke3 Rg5
47. Rh3 h5 48. Ne6 Rf5 49. Nc5 Kg6 50. Nxb7 h4 51. Rxh4 Rf3+
52. Kd4 Rd3+ 53. Ke5 Rxc3 54. Nc5 Kg5 55. Rxe4 Rc2 56. f4+ Kg4
57. Rd4 Kf3 58. f5 1-0

[Event "FSGM February"]
[Site "Budapest HUN"]
[Date "2006.02.11"]
[EventDate "2006.02.04"]
[Round "8"]
[Result "1-0"]
[White "Fabiano Caruana"]
[Black "Andrew J Muir"]
[WhiteElo "2409"]
[BlackElo "2325"]
[PlyCount "157"]

1. e4 c5 2. Nf3 Nc6 3. Bb5 g6 4. O-O Bg7 5. Re1 e5 6. Bxc6
dxc6 7. d3 Qe7 8. Be3 Nf6 9. Nc3 O-O 10. a3 Bg4 11. h3 Bxf3
12. Qxf3 b6 13. Reb1 Ne8 14. b4 cxb4 15. axb4 Nc7 16. Ra4 Nb5
17. Ne2 Nd4 18. Bxd4 exd4 19. b5 cxb5 20. Rxb5 Qd7 21. Rab4 a5
22. Rb1 a4 23. Rxb6 Qc7 24. R6b2 Rfb8 25. Nc1 Rxb2 26. Rxb2
Qc3 27. Rb7 Rf8 28. Ne2 Qxc2 29. Ng3 a3 30. Qe2 Rc8 31. Ra7
Bf8 32. e5 Qxe2 33. Nxe2 Rc2 34. Nxd4 Rb2 35. Nc6 Bc5 36. Ra6
Kg7 37. d4 Bf8 38. Ra7 Kg8 39. Ra8 a2 40. Kh2 Rxf2 41. d5 Kg7
42. d6 Rd2 43. Ra7 Kg8 44. Ne7+ Kg7 45. Kg3 Re2 46. Nc6 Rd2
47. Kf3 Bxd6 48. exd6 Rxd6 49. Nb4 h6 50. Nxa2 h5 51. Nb4 Rf6+
52. Ke4 Rf2 53. Ra2 Rf1 54. Nd5 Rf5 55. Ra3 Rf2 56. g3 Rf1
57. Ke5 Rf5+ 58. Ke4 Rf1 59. Rf3 Rh1 60. h4 Re1+ 61. Kd4 Rd1+
62. Ke5 Ra1 63. Kd6 Ra6+ 64. Kd7 Re6 65. Nc7 Re1 66. Ne8+ Kf8
67. Nd6 Re7+ 68. Kd8 Ra7 69. Re3 Ra8+ 70. Nc8 Rb8 71. Re8+ Kg7
72. Re7 Rb3 73. Ke8 Rxg3 74. Rxf7+ Kh8 75. Ne7 g5 76. Nf5 Rg4
77. Kf8 gxh4 78. Rf6 Rg8+ 79. Kf7 1-0

[Event "5th Gibraltar Chess Festival"]
[Site "Gibraltar"]
[Date "2007.01.23"]
[EventDate "?"]
[Round "1.34"]
[Result "0-1"]
[White "Meenakshi Subbaraman"]
[Black "Fabiano Caruana"]
[WhiteElo "2293"]
[BlackElo "2492"]
[PlyCount "54"]

1. c4 e5 2. Nc3 Nf6 3. g3 Bb4 4. Nd5 Nxd5 5. cxd5 O-O 6. Bg2
d6 7. e3 Bf5 8. Ne2 Nd7 9. O-O Bd3 10. a3 Bc5 11. b4 Bb6
12. Re1 Qf6 13. Bb2 Qf5 14. Nc1 Be4 15. d3 Bxg2 16. Kxg2 Nf6
17. f3 Qg6 18. e4 Nh5 19. Ne2 f5 20. a4 fxe4 21. dxe4 Rxf3
22. Kxf3 Rf8+ 23. Nf4 Nxf4 24. gxf4 Rxf4+ 25. Ke2 Qg2+ 26. Kd3
Qxb2 27.a5 Rf2 0-1

[Event "Hogeschool Zeeland Tournament"]
[Site "Vlissingen"]
[Date "2007.08.05"]
[EventDate "2007.08.04"]
[Round "2"]
[Result "0-1"]
[White "Wim Stange"]
[Black "Fabiano Caruana"]
[WhiteElo "2139"]
[BlackElo "2549"]
[PlyCount "40"]

1. d4 Nf6 2. c4 e6 3. Nc3 Bb4 4. e3 b6 5. Nge2 c5 6. a3 Ba5
7. f3 O-O 8. Rb1 Bxc3+ 9. Nxc3 d5 10. dxc5 bxc5 11. cxd5 exd5
12. Bd3 Nc6 13. Na4 c4 14. Bc2 d4 15. exd4 Re8+ 16. Kf2 Nxd4
17. Nc3 Nxc2 18. Qxc2 Qd4+ 19. Kf1 Qe5 20. g4 Bb7 0-1

[Event "Hogeschool Zeeland Tournament"]
[Site "Vlissingen"]
[Date "2007.08.06"]
[EventDate "2007.08.04"]
[Round "4"]
[Result "0-1"]
[White "Koen Leenhouts"]
[Black "Fabiano Caruana"]
[WhiteElo "2118"]
[BlackElo "2549"]
[PlyCount "62"]

1. e4 c5 2. Nf3 e6 3. d4 cxd4 4. Nxd4 a6 5. Bd3 Nf6 6. O-O Qc7
7. c4 Nc6 8. Nf3 b6 9. Nc3 Bb7 10. b3 Bd6 11. Bb2 Ne5 12. h3
O-O 13. Rc1 Rac8 14. Bb1 Nxf3+ 15. Qxf3 Be5 16. g3 Bc6 17. Ba3
Rfe8 18. Nd5 exd5 19. cxd5 Qb8 20. dxc6 dxc6 21. Qe2 c5
22. Kh2 Bd4 23. f4 h5 24. e5 h4 25. Bb2 hxg3+ 26. Kxg3 Rcd8
27. Kh2 Bxb2 28. Qxb2 Nh5 29. Rce1 Rd4 30. Qe2 Nxf4 31. Qe3 f6
0-1

[Event "First Saturday 4/07"]
[Site "Budapest"]
[Date "2007.??.??"]
[EventDate "?"]
[Round "9"]
[Result "0-1"]
[White "Gergely Antal"]
[Black "Fabiano Caruana"]
[WhiteElo "2498"]
[BlackElo "2630"]
[PlyCount "118"]

1. e4 c5 2. Nf3 e6 3. d4 cxd4 4. Nxd4 a6 5. Nc3 Qc7 6. Bd3 Nf6
7. O-O Bc5 8. Nb3 Ba7 9. Qf3 Nc6 10. Bf4 d6 11. Be2 Ne5
12. Qg3 O-O 13. Rad1 Kh8 14. Rd2 Bb8 15. Rfd1 Qe7 16. a4 b6
17. Be3 Bb7 18. f4 Ng6 19. Bf3 b5 20. axb5 axb5 21. e5 dxe5
22. Bc5 Ba7 23. Bxa7 Rxa7 24. fxe5 Nd5 25. Nxb5 Ra4 26. Nd6
Ba8 27. c4 Ne3 28. Bxa8 Nxd1 29. Be4 Qa7+ 30. c5 Rxe4 31. Nxe4
Qa4 32. Qd3 Nxe5 33. Qd6 Ng6 34. Rxd1 Qxe4 35. Nd2 Qe2 36. Nf3
Qxb2 37. c6 Qc2 38. Rd2 Qc1+ 39. Rd1 Qc2 40. Ne5 Kg8 41. c7
Nxe5 42. h4 Ng6 43. h5 Nf4 44. Rd2 Qc3 45. Qxf4 e5 46. Qf2
Qc1+ 47. Kh2 Qxc7 48. Qg3 h6 49. Rd3 Qe7 50. Rd5 Re8 51. Qe3
Qh4+ 52. Qh3 Qxh3+ 53. Kxh3 e4 54. Rd2 e3 55. Re2 f5 56. Kg3
Kf7 57. Kf3 Kf6 58. g4 Kg5 59. gxf5 Kxf5 0-1

[Event "FSGM July"]
[Site "Budapest HUN"]
[Date "2007.07.07"]
[EventDate "?"]
[Round "1"]
[Result "0-1"]
[White "Tibor Fogarasi"]
[Black "Fabiano Caruana"]
[WhiteElo "2425"]
[BlackElo "2549"]
[PlyCount "46"]

1. e4 c5 2. Nf3 e6 3. d4 cxd4 4. Nxd4 a6 5. Nc3 Qc7 6. Bd3 Nf6
7. O-O Bc5 8. Nb3 Ba7 9. Kh1 Nc6 10. Bg5 h5 11. Bxf6 gxf6
12. f4 d6 13. Be2 Bd7 14. Qd2 O-O-O 15. Rad1 Be8 16. Rf3 h4
17. h3 Rg8 18. Qe1 Ne7 19. f5 Bc6 20. Nd4 Bxd4 21. Rxd4 d5
22. exd5 Nxd5 23. Rc4 Rxg2 0-1

[Event "FSGM July"]
[Site "Budapest HUN"]
[Date "2007.??.??"]
[EventDate "?"]
[Round "2"]
[Result "1-0"]
[White "Fabiano Caruana"]
[Black "Goran M Todorovic"]
[WhiteElo "2549"]
[BlackElo "2471"]
[PlyCount "82"]

1. e4 c5 2. Nf3 e6 3. d4 cxd4 4. Nxd4 Nf6 5. Nc3 Nc6 6. Nxc6
bxc6 7. e5 Nd5 8. Ne4 Qc7 9. f4 Qb6 10. c4 Ne3 11. Qd3 Bb4+
12. Bd2 Ba6 13. b3 O-O 14. Rc1 f5 15. exf6 gxf6 16. Bxb4 Qxb4+
17. Qd2 c5 18. Qxb4 cxb4 19. Kf2 Nxf1 20. Rhxf1 Bb7 21. Nc5
Bc8 22. Rcd1 Rf7 23. Rd6 Kf8 24. Rfd1 Ke8 25. h3 h5 26. R1d2
a5 27. Kg3 Rh7 28. f5 h4+ 29. Kf2 exf5 30. Rxf6 Ke7 31. Rxf5
d6 32. Re2+ Kd8 33. Ne6+ Kd7 34. Rf4 Kc6 35. Nd4+ Kc5 36. Rd2
a4 37. Nb5 Rh6 38. Rd5+ Kc6 39. Rf7 axb3 40. Nd4+ Kb6 41. Rb5+
Ka6 1-0

[Event "FSGM July"]
[Site "Budapest HUN"]
[Date "2007.??.??"]
[EventDate "?"]
[Round "5"]
[Result "0-1"]
[White "Gudmundur Kjartansson"]
[Black "Fabiano Caruana"]
[WhiteElo "2306"]
[BlackElo "2549"]
[PlyCount "54"]

1. e4 c5 2. Nf3 e6 3. d4 cxd4 4. Nxd4 a6 5. Nc3 Qc7 6. Bd3 Nf6
7. Be3 b5 8. O-O Bb7 9. f3 b4 10. Nce2 d5 11. e5 Qxe5 12. Bf4
Qh5 13. Nf5 exf5 14. Ng3 Bc5+ 15. Kh1 Qh4 16. Qd2 Nh5
17. Rae1+ Kf8 18. Nxh5 Qxh5 19. Bc4 Qg6 20. Bxd5 Nc6 21. Qd3
Qf6 22. c3 Rd8 23. Qc4 Bd6 24. Bxc6 Bxc6 25. Bxd6+ Qxd6
26. Qxa6 bxc3 27. bxc3 g6 0-1

[Event "Capo d'Orso op"]
[Site "Porto Mannu"]
[Date "2007.05.19"]
[EventDate "?"]
[Round "1"]
[Result "1-0"]
[White "Fabiano Caruana"]
[Black "Ari Ziegler"]
[WhiteElo "2670"]
[BlackElo "2339"]
[PlyCount "148"]

1.e4 e6 2.d4 d5 3.Nd2 Nf6 4.e5 Nfd7 5.c3 c5 6.Bd3 Nc6 7.Ngf3
g6 8.h4 h6 9.O-O g5 10.c4 Nb6 11.cxd5 exd5 12.dxc5 Bxc5 13.Nb3
Be7 14.Nfd4 Nxe5 15.Bf5 Nbc4 16.Re1 Qb6 17.Bxc8 Rxc8 18.Nf5
Bb4 19.Bd2 Kf8 20.Bxb4+ Qxb4 21.Qxd5 Re8 22.Re4 Qb6 23.Rxc4
Nxc4 24.Qxc4 Qf6 25.Nbd4 gxh4 26.Qb4+ Kg8 27.Qxb7 Kh7 28.Rc1
Rhg8 29.Qf3 Rc8 30.Rxc8 Rxc8 31.Qe4 Kh8 32.Kh2 Rc5 33.b3 Re5
34.Qxh4 Rxf5 35.Nxf5 Qxf5 36.Qxh6+ Kg8 37.Qh3 Qa5 38.Qg4+ Kf8
39.Qe2 Qc7+ 40.g3 Qc5 41.Qb2 Qh5+ 42.Kg2 Qd5+ 43.f3 a5 44.b4
axb4 45.Qxb4+ Kg8 46.Qb8+ Kh7 47.Qb1+ Kg8 48.Qc2 Qa5 49.a4 Kg7
50.Qb2+ Kg6 51.Qd4 f5 52.Qd6+ Kf7 53.Qd7+ Kf6 54.Qc6+ Kf7
55.Qc4+ Kf6 56.Qd4+ Kg6 57.Kf2 Qc7 58.Qd1 Qb6+ 59.Kf1 Qc5
60.Qe2 Qd5 61.Kg2 Qc5 62.Qa2 Qa5 63.Qe6+ Kg7 64.Kh3 Kh7
65.Qf7+ Kh6 66.f4 Qa6 67.Qf8+ Kg6 68.Qg8+ Kh6 69.Qg5+ Kh7
70.Qxf5+ Kg7 71.Qe5+ Kf7 72.Qd5+ Kf8 73.a5 Qe2 74.Qf5+ Kg8 1-0

[Event "XXIII Open"]
[Site "Reykjavik ISL"]
[Date "2008.03.05"]
[EventDate "2008.03.03"]
[Round "3"]
[Result "0-1"]
[White "Emil Hermansson"]
[Black "Fabiano Caruana"]
[WhiteElo "2472"]
[BlackElo "2598"]
[PlyCount "70"]

1. e4 c5 2. Nf3 e6 3. d4 cxd4 4. Nxd4 a6 5. Bd3 Bc5 6. Nb3 Be7
7. Qg4 g6 8. Qe2 d6 9. O-O Nd7 10. Nc3 Qc7 11. f4 Ngf6 12. Bd2
b6 13. Rae1 Bb7 14. e5 Nd5 15. Ne4 dxe5 16. fxe5 O-O 17. Nf2
Nb4 18. Bh6 Rfc8 19. Ng4 Nxd3 20. cxd3 Bh4 21. g3 Be7 22. Qf2
Rf8 23. Qf4 Qc6 24. Re4 Qc2 25. Bxf8 Rxf8 26. Nf6+ Bxf6
27. exf6 Bxe4 28. Qxe4 Qxb2 29. Nd4 Qxa2 30. Nc6 Kh8 31. Qf4
Qd5 32. Qh6 Rg8 33. Ne7 Qd4+ 34. Rf2 Nxf6 35. Nxg8 Ng4 0-1

[Event "Reykjavic Open"]
[Site "Reykjavik ISL"]
[Date "2008.03.10"]
[EventDate "2008.03.03"]
[Round "8"]
[Result "1-0"]
[White "Fabiano Caruana"]
[Black "Tiger Hillarp Persson"]
[WhiteElo "2598"]
[BlackElo "2535"]
[PlyCount "89"]

1. e4 c5 2. Nf3 e6 3. d4 cxd4 4. Nxd4 a6 5. Bd3 Nc6 6. Nxc6
dxc6 7. O-O e5 8. Nd2 Be6 9. Nf3 Bd6 10. Ng5 Qe7 11. Nxe6 Qxe6
12. Bc4 Qe7 13. Qg4 Qf8 14. Bg5 Nf6 15. Bxf6 gxf6 16. Rad1 Rd8
17. Rd3 h5 18. Qe2 Ke7 19. Rfd1 Qh6 20. Bxf7 Bc5 21. Rxd8 Rxd8
22. Rxd8 Kxd8 23. Bxh5 Kc7 24. g3 Qc1+ 25. Kg2 Qxb2 26. Bf7 b5
27. h4 Qc1 28. Qf3 Qxc2 29. h5 Bf8 30. Bb3 Qb1 31. Qe3 Kb7
32. h6 Bxh6 33. Qxh6 Qxe4+ 34. Kh2 Qf3 35. Qd2 a5 36. Bd1 Qf5
37. Kg2 a4 38. Qd6 Kb6 39. Bf3 Qc2 40. Qxf6 e4 41. Qd4+ c5
42. Bxe4 Qxa2 43. Qd8+ Ka6 44. Qc7 Qb2 45. Bb7+ 1-0

[Event "Russian Team Championship"]
[Site "Dagomys"]
[Date "2009.04.04"]
[EventDate "?"]
[Round "1"]
[Result "0-1"]
[White "Andrei Deviatkin"]
[Black "Fabiano Caruana"]
[WhiteElo "2566"]
[BlackElo "2649"]
[PlyCount "103"]

1. e4 c5 2. Nf3 e6 3. c3 Nf6 4. e5 Nd5 5. d4 cxd4 6. Qxd4 Nc6
7. Qe4 b6 8. Bg5 Qc7 9. Nbd2 Bb7 10. Nc4 Rc8 11. Qh4 Na5
12. Nxa5 bxa5 13. Bd3 h6 14. Bd2 Nb6 15. O-O Bxf3 16. gxf3
Qxe5 17. Rfe1 Qd5 18. Qe4 Bd6 19. c4 Qxe4 20. fxe4 Rc5
21. Rac1 Be5 22. Be3 d6 23. f4 Bxb2 24. Bxc5 dxc5 25. Rb1 Bc3
26. Red1 Ke7 27. Kf2 a4 28. a3 g5 29. f5 Kf6 30. Ke2 exf5
31. exf5 g4 32. Kf1 Re8 33. Be2 Re4 34. Rd6+ Kg5 35. Rc6 Nxc4
36. Bxc4 Rxc4 37. Rb7 Rf4+ 38. Ke2 Rxf5 39. Rcc7 f6 40. Rb1
Re5+ 41. Kf1 Bd4 42. Rxa7 Rf5+ 43. Ke2 Rf2+ 44. Kd3 Rf3+
45. Ke4 f5+ 46. Kd5 Rxa3 47. Rb8 Rh3 48. Rg8+ Kf4 49. Rxa4
Rxh2 50. Rc8 Kg5 51. Ra3 h5 52. Ra1 0-1

[Event "Russian Team Championship"]
[Site "Dagomys"]
[Date "2009.04.05"]
[EventDate "?"]
[Round "2"]
[Result "0-1"]
[White "Sergei Rublevsky"]
[Black "Fabiano Caruana"]
[WhiteElo "2702"]
[BlackElo "2649"]
[PlyCount "82"]

1. e4 c5 2. Nf3 e6 3. c3 Nf6 4. e5 Nd5 5. Bc4 d6 6. d4 cxd4
7. cxd4 Nc6 8. O-O Be7 9. Qe2 O-O 10. Rd1 Na5 11. Bd3 Nb4
12. exd6 Qxd6 13. Be4 f5 14. Bd3 Nxd3 15. Qxd3 b6 16. Nc3 Bb7
17. Ne5 f4 18. Ne4 Qd5 19. f3 Rad8 20. b3 Rf5 21. Nf2 Rxe5
22. dxe5 Qxe5 23. Bxf4 Qxf4 24. Qe2 Bd5 25. Rac1 Bd6 26. h3
Rf8 27. Rc2 Nb7 28. Qa6 Nc5 29. Qxa7 Qb4 30. Ng4 Bb8 31. Qe7
Qf4 32. Rcd2 h5 33. Nf2 Be5 34. Kf1 Ra8 35. Nd3 Nxd3 36. Rxd3
Kh7 37. a4 Rf8 38. Qd7 Rf6 39. Qb5 Be4 40. R3d2 Bxf3 41. Rf2
Bxg2+ 0-1

[Event "Russian Team Championship"]
[Site "Dagomys"]
[Date "2009.04.06"]
[EventDate "?"]
[Round "3"]
[Result "1-0"]
[White "Fabiano Caruana"]
[Black "Artem Smirnov"]
[WhiteElo "2649"]
[BlackElo "2454"]
[PlyCount "87"]

1. e4 e5 2. Nf3 Nc6 3. Bb5 Nf6 4. d3 d6 5. O-O Bd7 6. Re1 g6
7. d4 Bg7 8. d5 Ne7 9. Bxd7+ Nxd7 10. Be3 O-O 11. c4 h6
12. Nfd2 f5 13. f3 Kh7 14. Nc3 Bf6 15. Bf2 Bg5 16. b4 Bxd2
17. Qxd2 f4 18. c5 Nf6 19. Rec1 Qd7 20. Qe2 a6 21. b5 g5
22. Rab1 g4 23. bxa6 bxa6 24. Rb7 g3 25. hxg3 fxg3 26. Bxg3
Rab8 27. c6 Qd8 28. f4 exf4 29. Bxf4 Ng6 30. Bg3 Qe7 31. Rf1
Rbc8 32. Rf5 Ng8 33. Qf3 Rxf5 34. Qxf5 Rd8 35. Ne2 Qg7 36. Nf4
N8e7 37. Qh3 Nxf4 38. Bxf4 Rf8 39. Bxh6 Qxh6 40. Rxc7 Re8
41. e5 Qxh3 42. gxh3 Kg6 43. Rxe7 Rxe7 44. exd6 1-0